000 00536nam a2200157 i 4500
001 99205
003 ES-MaACL
005 20230906182447.0
007 t|
008 050902s1967 sp ||||1| spa d
100 1 _aMartin, M. F.
_977342
245 1 0 _aYo, tercera persona
_b: adaptación al teatro y al nuevo título de la novela "La familia de los Marbana" por su propio autor /
_cM. F. Martin.
260 _aZamora :
_b[s.n.],
_c1967 (
_fTip. Heraldo de Zamora)
300 _a50 p. ;
_c21 cm.
852 _aES-MaACL
_j2060-F-15
_bR.65109
999 _c99205
_d99205